00455nam a22001817a 450000500170000000800410001704000210005804100080007908200130008710000260010024500490012625000120017526000140018730000100020170000330021194200120024499900170025620220704114417.0220704b ||||| |||| 00| 0 eng d aIN-DiNCcIN-DiNC dasm a891.4514 aKonwar ArpanaeEditor aAsamiya gadya chayanikaced by Arpana Konwar a3rd ed. aDibrugarh a245p. aJayanta Kumar BaruaheEditor 2ddccBK c11352d11352